[Event "Ankara Ipek Memorial 7th"]
[Site "Ankara"]
[Date "2019.03.10"]
[Round "6"]
[White "Kayan, Yasar Efe"]
[Black "Kaynak, Deniz Can"]
[Result "1/2-1/2"]
[WhiteElo "1516"]
[BlackElo "1467"]
[PlyCount "62"]
[EventDate "2019.03.06"]
[EventType "swiss"]
[EventRounds "7"]
[EventCountry "TUR"]
[SourceTitle "CBM 189 Extra"]
[Source "ChessBase"]
[SourceDate "2019.06.03"]
[SourceVersion "1"]
[SourceVersionDate "2019.06.03"]
[SourceQuality "1"]

1. e4 e5 2. Nc3 Nf6 3. g3 Nc6 4. Bg2 Be7 5. d3 d6 6. f4 Bg4 7. Nge2 Qd7 8. h3 Bxe2 9. Nxe2 h5 10. Be3 h4 11. g4 0-0-0 12. c4 Kb8 13. a3 exf4 14. Nxf4 Ne5 15. Qc2 g5 16. Nd5 Nxd5 17. exd5 Rhe8 18. 0-0-0 Bf6 19. Bxa7+ Kxa7 20. Qf2+ b6 21. Qxf6 Qa4 22. Qxg5 Nxc4 23. dxc4 Qxc4+ 24. Kb1 Re2 25. Rc1 Qb3 26. Rxc7+ Ka6 27. Qf6 Rde8 28. Bf3 Rf2 29. Qc3 Rxf3 30. Qxb3 Rxb3 31. Rxf7 Re2 1/2-1/2

[Event "Ankara Ipek Memorial 7th"]
[Site "Ankara"]
[Date "2019.03.08"]
[Round "3"]
[White "Sahin, Doga Boran"]
[Black "Kayan, Yasar Efe"]
[Result "1/2-1/2"]
[WhiteElo "1994"]
[BlackElo "1516"]
[PlyCount "34"]
[EventDate "2019.03.06"]
[EventType "swiss"]
[EventRounds "7"]
[EventCountry "TUR"]
[SourceTitle "CBM 189 Extra"]
[Source "ChessBase"]
[SourceDate "2019.06.03"]
[SourceVersion "1"]
[SourceVersionDate "2019.06.03"]
[SourceQuality "1"]

1. e4 c5 2. c3 e6 3. d4 d5 4. e5 Nc6 5. Nf3 c4 6. b3 b5 7. a4 Na5 8. Nbd2 b4 9. cxb4 Bxb4 10. bxc4 dxc4 11. Ba3 Bxd2+ 12. Qxd2 Nb3 13. Qb4 Nxa1 14. Qf8+ Kd7 15. Qd6+ Ke8 16. Qf8+ Kd7 17. Qd6+ Ke8 1/2-1/2

[Event "World ol U16"]
[Site "Konya"]
[Date "2018.11.30"]
[Round "6.22"]
[White "Kayan, Yasar Efe"]
[Black "Li, William"]
[Result "0-1"]
[WhiteElo "1515"]
[BlackElo "2078"]
[PlyCount "100"]
[EventDate "2018.11.25"]
[EventType "team-swiss"]
[EventRounds "9"]
[EventCountry "TUR"]
[SourceTitle "CBM 187 Extra"]
[Source "ChessBase"]
[SourceDate "2018.11.04"]
[SourceVersion "1"]
[SourceVersionDate "2018.11.04"]
[SourceQuality "1"]
[WhiteTeam "Turkey Selcuklu"]
[BlackTeam "Canada"]
[WhiteTeamCountry "TUR"]
[BlackTeamCountry "CAN"]

1. e4 c5 2. Nc3 a6 3. g3 b5 4. Bg2 Bb7 5. a3 e6 6. d3 Nf6 7. f4 Be7 8. Nf3 d5 9. e5 Nfd7 10. d4 Nc6 11. Ne2 cxd4 12. Nexd4 0-0 13. 0-0 Bc5 14. c3 a5 15. Kh1 b4 16. Qc2 h6 17. g4 Qb6 18. Be3 Rac8 19. Qf2 f6 20. exf6 Nxf6 21. g5 Ng4 22. Qe1 Rce8 23. gxh6 Nxh6 24. Ne5 Nxd4 25. cxd4 Bxd4 26. Nd7 Qc6 27. Nxf8 Bxe3 28. Qxe3 d4 29. Bxc6 Bxc6+ 30. Qf3 Bxf3+ 31. Rxf3 Rxf8 32. axb4 axb4 33. Ra4 e5 34. Rxb4 e4 35. Rf1 Nf5 36. Re1 e3 37. Rxd4 Nxd4 38. Rxe3 Rxf4 39. Re8+ Kf7 40. Rb8 Rf2 41. Kg1 Rc2 42. Rb7+ Kf6 43. h3 g6 44. b4 Rb2 45. h4 Nf3+ 46. Kf1 Nxh4 47. b5 Nf3 48. Rb8 Kf5 49. Ra8 Kg4 50. Ra6 g5 0-1

[Event "World ol U16"]
[Site "Konya"]
[Date "2018.11.28"]
[Round "5.22"]
[White "Kayan, Yasar Efe"]
[Black "Modi, Yashil"]
[Result "0-1"]
[WhiteElo "1515"]
[BlackElo "1955"]
[PlyCount "82"]
[EventDate "2018.11.25"]
[EventType "team-swiss"]
[EventRounds "9"]
[EventCountry "TUR"]
[SourceTitle "CBM 187 Extra"]
[Source "ChessBase"]
[SourceDate "2018.11.04"]
[SourceVersion "1"]
[SourceVersionDate "2018.11.04"]
[SourceQuality "1"]
[WhiteTeam "Turkey Selcuklu"]
[BlackTeam "South Africa"]
[WhiteTeamCountry "TUR"]
[BlackTeamCountry "RSA"]

1. e4 e5 2. Nc3 Nf6 3. g3 c6 4. Bg2 d5 5. d3 Bg4 6. Nge2 Bb4 7. f3 Be6 8. 0-0 0-0 9. Kh1 Nbd7 10. Bd2 a5 11. a3 Bd6 12. f4 dxe4 13. dxe4 Bc5 14. f5 Bc4 15. h3 Bd4 16. Re1 Nc5 17. Nxd4 exd4 18. Nb1 Ncxe4 19. Rxe4 Nxe4 20. Bxe4 Bd5 21. Qf3 Bxe4 22. Qxe4 Re8 23. Qf3 Qb6 24. b3 Re5 25. Qd3 Rae8 26. a4 Qc5 27. c4 Re4 28. g4 Qe5 29. Qf3 Re2 30. Bf4 Re1+ 31. Kg2 Qe2+ 32. Qxe2 R8xe2+ 33. Kf3 Rb2 34. Bc7 Rxb3+ 35. Kf4 Rexb1 36. Rxb1 Rxb1 37. Bxa5 Rc1 38. Ke4 Rxc4 39. Kd3 Rxa4 40. Bb6 h5 41. gxh5 Kh7 0-1

[Event "World ol U16"]
[Site "Konya"]
[Date "2018.11.26"]
[Round "3.22"]
[White "Gombocz, Ferenc Jr"]
[Black "Kayan, Yasar Efe"]
[Result "1-0"]
[WhiteElo "2290"]
[BlackElo "1515"]
[PlyCount "101"]
[EventDate "2018.11.25"]
[EventType "team-swiss"]
[EventRounds "9"]
[EventCountry "TUR"]
[SourceTitle "CBM 187 Extra"]
[Source "ChessBase"]
[SourceDate "2018.11.04"]
[SourceVersion "1"]
[SourceVersionDate "2018.11.04"]
[SourceQuality "1"]
[WhiteTeam "Hungary"]
[BlackTeam "Turkey Selcuklu"]
[WhiteTeamCountry "HUN"]
[BlackTeamCountry "TUR"]

1. c4 e6 2. g3 Nf6 3. Bg2 d5 4. Nf3 c5 5. 0-0 Nc6 6. b3 d4 7. Bb2 e5 8. d3 Bd6 9. Nbd2 0-0 10. a3 h6 11. Qc2 Be6 12. Rad1 Qd7 13. Rfe1 Rae8 14. e3 Bh3 15. Ne4 Nxe4 16. dxe4 Bxg2 17. Kxg2 Qc7 18. Nh4 g6 19. Qd2 Be7 20. Nf3 g5 21. Qc2 g4 22. Ng1 Bg5 23. h3 h5 24. Bc1 f5 25. f4 Bh6 26. hxg4 fxg4 27. f5 Qe7 28. Qf2 Na5 29. Rd3 b6 30. Kh1 Qb7 31. Qg2 b5 32. Kh2 bxc4 33. bxc4 Nxc4 34. Qa2 Qf7 35. exd4 Bxc1 36. Rxc1 Nd6 37. Qxf7+ Rxf7 38. dxc5 Nxe4 39. Rc4 Nf6 40. c6 Rc8 41. Kg2 Kg7 42. Ne2 Kh6 43. Nc3 a6 44. Nd1 Ne8 45. Rd7 Rc7 46. Rxf7 Rxf7 47. Ne3 Rc7 48. Nd5 Rc8 49. c7 Kg5 50. Rc6 Kxf5 51. Ne7+ 1-0

[Event "World ol U16"]
[Site "Konya"]
[Date "2018.11.26"]
[Round "2.20"]
[White "Kayan, Yasar Efe"]
[Black "Brahami, Lamine"]
[Result "0-1"]
[WhiteElo "1515"]
[BlackElo "1996"]
[PlyCount "90"]
[EventDate "2018.11.25"]
[EventType "team-swiss"]
[EventRounds "9"]
[EventCountry "TUR"]
[SourceTitle "CBM 187 Extra"]
[Source "ChessBase"]
[SourceDate "2018.11.04"]
[SourceVersion "1"]
[SourceVersionDate "2018.11.04"]
[SourceQuality "1"]
[WhiteTeam "Turkey Selcuklu"]
[BlackTeam "Algeria"]
[WhiteTeamCountry "TUR"]
[BlackTeamCountry "ALG"]

1. e4 c5 2. Nc3 d6 3. g3 Nc6 4. Bg2 g6 5. d3 Bg7 6. Be3 Rb8 7. Qd2 a6 8. Rb1 e6 9. a3 Qc7 10. Nge2 Nd4 11. b4 Ne7 12. b5 Nxb5 13. Nxb5 axb5 14. Rxb5 0-0 15. Bh6 Bd7 16. Rb1 Ra8 17. Bxg7 Kxg7 18. Qc3+ e5 19. 0-0 Ra7 20. d4 Rfa8 21. Rb3 b5 22. dxe5 dxe5 23. Ra1 c4 24. Rb2 Qc5 25. Rb3 Nc6 26. Rd1 Be6 27. Nf4 Nd4 28. Rb4 Rxa3 29. Nxe6+ fxe6 30. Qd2 c3 31. Qg5 h6 32. Rxb5 Qxb5 33. Qe7+ Kg8 34. Bh3 Qe8 35. Qd6 Ra1 36. Rxa1 Rxa1+ 37. Kg2 Ra5 38. f4 Ra2 39. Qxe5 Rxc2+ 40. Kf1 Qb5+ 41. Qxb5 Nxb5 42. Bxe6+ Kf8 43. Ke1 Rxh2 44. Kd1 Nd4 45. Bc4 Rh1+ 0-1

[Event "EU-ch U10 27th"]
[Site "Mamaia"]
[Date "2017.09.09"]
[Round "5"]
[White "Kayan, Yasar Efe"]
[Black "Mekhane, Adam"]
[Result "1-0"]
[WhiteElo "1472"]
[BlackElo "1974"]
[PlyCount "81"]
[EventDate "2017.09.05"]
[EventType "swiss"]
[EventRounds "9"]
[EventCountry "ROU"]
[SourceTitle "CBM 180 Extra"]
[Source "ChessBase"]
[SourceDate "2017.10.06"]
[SourceVersion "1"]
[SourceVersionDate "2017.10.06"]
[SourceQuality "1"]

1. e4 e5 2. Nc3 Nc6 3. g3 h5 4. h3 Bc5 5. Bg2 h4 6. g4 Nge7 7. Nge2 Ng6 8. d3 d6 9. 0-0 Bxg4 10. hxg4 h3 11. Bf3 Qf6 12. Ng3 Nd4 13. Nf5 Nh4 14. Be2 c6 15. Na4 Nhxf5 16. exf5 Qh4 17. Nxc5 dxc5 18. Kh2 g6 19. c3 gxf5 20. cxd4 cxd4 21. f4 fxg4 22. Bxg4 Rg8 23. Rg1 f5 24. Qe1 Qxe1 25. Bh5+ Kd7 26. Rxe1 Rg2+ 27. Kxh3 Rg7 28. Rxe5 Rag8 29. Rxf5 Rg3+ 30. Kh4 Rxd3 31. Bg4 Kc7 32. Rg5 Rh8+ 33. Rh5 Re8 34. f5 Re1 35. Bf4+ Kb6 36. Rxe1 c5 37. f6 c4 38. f7 c3 39. f8Q Rh3+ 40. Kxh3 a6 41. Qc5# 1-0

[Event "EU-ch U10 27th"]
[Site "Mamaia"]
[Date "2017.09.08"]
[Round "4"]
[White "Kayan, Yasar Efe"]
[Black "Todev, Simeon"]
[Result "0-1"]
[WhiteElo "1472"]
[BlackElo "1581"]
[PlyCount "142"]
[EventDate "2017.09.05"]
[EventType "swiss"]
[EventRounds "9"]
[EventCountry "ROU"]
[SourceTitle "CBM 180 Extra"]
[Source "ChessBase"]
[SourceDate "2017.10.06"]
[SourceVersion "1"]
[SourceVersionDate "2017.10.06"]
[SourceQuality "1"]

1. e4 c5 2. Nc3 d6 3. g3 g6 4. Bg2 Nc6 5. d3 Bg7 6. f4 e6 7. Nf3 Nge7 8. 0-0 0-0 9. Be3 Nd4 10. Rb1 Rb8 11. Ne2 Nec6 12. c3 Nxf3+ 13. Bxf3 b6 14. d4 Ne7 15. Qb3 Ba6 16. dxc5 bxc5 17. Qc2 Qa5 18. b4 Qc7 19. bxc5 dxc5 20. c4 Rb6 21. e5 Rfb8 22. Rxb6 axb6 23. g4 Bb7 24. Ng3 Nc6 25. Qg2 Na5 26. Rc1 Bxf3 27. Qxf3 Qc6 28. Qxc6 Nxc6 29. Ne4 Rc8 30. Rd1 h6 31. Rd6 Na5 32. Nd2 Rb8 33. Nb3 Nxc4 34. Rd3 Nxe3 35. Rxe3 Bf8 36. Nd2 c4 37. Rc3 b5 38. Ne4 Rc8 39. Kf2 b4 40. Rc2 c3 41. Ke2 Rd8 42. g5 hxg5 43. Nxg5 Bh6 44. Nh3 f6 45. exf6 Kf7 46. Ng5+ Kxf6 47. h4 Bxg5 48. hxg5+ Kf5 49. Ke3 Rc8 50. Kf3 Rc4 51. Ke3 Re4+ 52. Kd3 Rxf4 53. a3 bxa3 54. Kxc3 Rf3+ 55. Kd4 e5+ 56. Kd5 e4 57. Kd4 e3 58. Re2 Kxg5 59. Ke4 Rg3 60. Ra2 Kg4 61. Rxa3 e2 62. Ra1 Kh3 63. Re1 Rg2 64. Kf3 Kh2 65. Ra1 g5 66. Rb1 g4+ 67. Ke3 g3 68. Ra1 Rg1 69. Ra2 Re1 70. Ra8 Kg2 71. Rh8 Rh1 0-1

[Event "EU-ch U10 27th"]
[Site "Mamaia"]
[Date "2017.09.06"]
[Round "2"]
[White "Kayan, Yasar Efe"]
[Black "Costa, Leonardo"]
[Result "1-0"]
[WhiteElo "1472"]
[BlackElo "1889"]
[PlyCount "76"]
[EventDate "2017.09.05"]
[EventType "swiss"]
[EventRounds "9"]
[EventCountry "ROU"]
[SourceTitle "CBM 180 Extra"]
[Source "ChessBase"]
[SourceDate "2017.10.06"]
[SourceVersion "1"]
[SourceVersionDate "2017.10.06"]
[SourceQuality "1"]

1. e4 e5 2. Nc3 Nc6 3. g3 Bc5 4. Bg2 d6 5. Na4 Bb6 6. Nxb6 axb6 7. d3 Nf6 8. Ne2 Bg4 9. h3 Be6 10. a3 h6 11. 0-0 0-0 12. f4 b5 13. f5 Bd7 14. g4 Nh7 15. Qe1 b4 16. h4 Qe7 17. Qg3 f6 18. c3 bxa3 19. bxa3 Be8 20. Kh2 Nd8 21. c4 Nf7 22. d4 c6 23. Bd2 Bd7 24. Qe3 Rfd8 25. d5 cxd5 26. cxd5 Rdc8 27. Rfc1 Nf8 28. Qb6 Be8 29. Rxc8 Rxc8 30. Rc1 Rxc1 31. Nxc1 Qd7 32. Bb4 Qc8 33. Ne2 Qc2 34. Ng3 Qd1 35. Kh3 Nh7 36. Bxd6 Qc2 37. Bc5 Qd2 38. Be3 Nhg5+ 1-0